000 00304nam a2200121Ia 4500
008 240731s9999 xx 000 0 und d
022 _a1472-1376
245 0 _aJournal of Marketing Management
260 _bRoutledge
856 _uhttps://www.tandfonline.com/loi/rjmm20
942 _2ddc
942 _cTFEJ
999 _c77934
_d77934
945 _a1
_bMadushi Gamage
_c1
_dMadushi Gamage